00000000nam##2200000za#4500
0019.642158
003CaOODSP
00520210624223552
007cr |||||||||||
008150407|1996||||xxc|||||o    f|0| 0 fre|d
040 |aCaOODSP|bfre
043 |an-cn---
0861 |aRH64-99/1996F-PDF
1101 |aCanada.|bDéveloppement des ressources humaines Canada. |bPolitique stratégique.
24510|aÉvaluation formative de l'Initiative de partenariats sectoriels : |h[ressource électronique]|brapport de la Direction / |c[par] Évaluation et développement des données.
260 |aOttawa - Ontario : |bDéveloppement des ressources humaines Canada. |cSeptembre 1996.
300 |a93p.|bfigures, tableaux
590 |a13-16-Supp|b2013-07-12
77508|tFormative evaluation of the Sectoral Partnership Initiative : |w(CaOODSP)9.698165
85640|ahttp://publications.gc.ca|qPDF|s322 Ko|uhttps://publications.gc.ca/collections/collection_2013/rhdcc-hrsdc/RH64-99-1996-fra.pdf